| 000 | 00584cam a2200181 a 4500 | ||
|---|---|---|---|
| 020 | _a0393924831 (cover : pbk.) | ||
| 040 | _cDLC | ||
| 082 | 0 | 0 | _a320 NOR 2004 A074 Or. |
| 100 | 1 | _aLowi, Theodore J. | |
| 245 | 1 | 0 |
_aAmerican government : _bpower and purpose / |
| 250 | _aCore 8th ed. | ||
| 260 |
_aNew York : _bW.W. Norton, _cc2004. |
||
| 300 |
_axxiv, 571, 89 p. : _bcol. ill., col. maps ; _c23 cm. |
||
| 500 | _aISBN 0393924823 printed on t.p. verso is for the 8th ed., not for this core 8th ed. | ||
| 700 | 1 | _aGinsberg, Benjamin. | |
| 700 | 1 | _aShepsle, Kenneth A. | |
| 942 | _cEK | ||
| 999 |
_c15110 _d15110 |
||